00456 2200181 4500001002100000005001500021008004100036020002200077035001900099041000700118082001100125090001700136100001700153245002100170260004200191300002500233650001600258INLIS00000000000078220241224112230241224||||||||| | ||| |||| || |  a978-602-7817-12-8 0010-1224000782 aid0 a297.39 a297.39 LIS h0 aLisdy Rahayu00aHalal Atau Haram aBandungbGrafindo Media Pratamac2013 a111 hlm.;ilus.;24 cm 0aAgama Islam